LIBRARY & INFORMATION CENTRE, KCAET, TAVANUR

ONLINE PUBLIC ACCESS CATALOGUE (OPAC)

Instrumental methods of analysis (Record no. 13908)

MARC details
000 -LEADER
fixed length control field 00324nam a22001337a 4500
020 ## - INTERNATIONAL STANDARD BOOK NUMBER
ISBN 9788123917221
082 ## - DEWEY DECIMAL CLASSIFICATION NUMBER
Classification number 543.07
Item number GRA/IN
100 ## - MAIN ENTRY--AUTHOR NAME
Personal name Gray,N
245 ## - TITLE STATEMENT
Title Instrumental methods of analysis
260 ## - PUBLICATION, DISTRIBUTION, ETC. (IMPRINT)
Place of publication New Delhi
Name of publisher CBS Publishers and Distributors
Year of publication 2011
700 ## - ADDED ENTRY--PERSONAL NAME
Personal name Calvin,M
700 ## - ADDED ENTRY--PERSONAL NAME
Personal name Bhatia,S.C
942 ## - ADDED ENTRY ELEMENTS (KOHA)
Koha item type Books
Holdings
Withdrawn status Lost status Damaged status Collection code Home library Current library Shelving location Date acquired Source of acquisition Cost, normal purchase price Full call number Accession Number Koha item type
      Non-fiction KAUAET KAUAET General Stacks 30/03/2013 Minerva Books 460.00 543.07 GRA/IN 23775 Books
free website counter